|
|
|
|
| LEADER |
00840nam a2200229 4500 |
| 001 |
c000323415 |
| 003 |
CARM |
| 005 |
00000000000000.0 |
| 008 |
701217s1963 nyua 001 0 eng |
| 010 |
|
|
|a 63009050 /L/r96
|
| 019 |
1 |
|
|a 9704629
|z 644326
|5 LACONCORD2021
|
| 035 |
|
|
|a (OCoLC)490504
|5 LACONCORD2021
|
| 050 |
0 |
0 |
|a GN400
|b .S46 1963
|
| 082 |
0 |
0 |
|a 572
|
| 100 |
1 |
|
|a Service, Elman R.
|q (Elman Rogers),
|d 1915-
|
| 245 |
1 |
0 |
|a Profiles in ethnology.
|c A revision of A profile of primitive culture.
|
| 260 |
|
|
|a New York,
|b Harper & Row
|c [1963]
|
| 300 |
|
|
|a 509 p.
|b illus.
|c 25 cm.
|
| 650 |
|
0 |
|a Ethnology.
|
| 852 |
8 |
|
|b CARM
|h A1:AM12E0
|i C10040
|p 0426170
|f BK
|
| 999 |
f |
f |
|i 46324672-f49e-54ab-8f53-acae24e5024e
|s 6c9a849e-ffa8-5606-9443-ef75eb090e83
|
| 952 |
f |
f |
|p Can circulate
|a CAVAL
|b CAVAL
|c CAVAL
|d CARM 1 Store
|e C10040
|f A1:AM12E0
|h Other scheme
|i book
|m 0426170
|